[Event "5th Sharjah Masters 2022"]
[Site "Sharjah"]
[Date "2022.05.29"]
[Round "9.30"]
[White "Assaubayeva, Bibisara"]
[Black "Ortega Amarelle, Mariano"]
[Result "1-0"]
[WhiteElo "2439"]
[BlackElo "2476"]
[Annotator "TA"]
[PlyCount "57"]
[EventDate "2022.05.21"]
[EventType "swiss"]
[EventCountry "UAE"]
[SourceTitle "playchess.com"]
[Source "ChessBase"]
[SourceQuality "1"]

1. d4 Nf6 2. c4 e6 3. Nf3 d5 4. Nc3 Bb4 5. Qa4+ Nc6 6. a3 Bxc3+ 7. bxc3 Bd7 8. cxd5 exd5 9. Bf4 O-O 10. e3 a6 11. Qc2 Na5 12. a4 Nh5 13. Bg5 f6 14. Bh4 g6 15. Nd2 Re8 16. c4 c5 17. Be2 Nf4 18. exf4 Bf5 19. Qc3 cxd4 20. Qxd4 Nc6 21. Qb2 Bd3 22. O-O Rxe2 23. Bxf6 Ne7 24. Rfe1 dxc4 25. Rxe2 Bxe2 26. Qe5 Kf7 27. Ne4 Bg4 28. Nd6+ Kf8 29. Bxe7+ 1-0

[Event "5th Sharjah Masters 2022"]
[Site "Sharjah"]
[Date "2022.05.29"]
[Round "9.31"]
[White "Mammadzada, Gunay"]
[Black "Ivic, Velimir"]
[Result "1-0"]
[WhiteElo "2454"]
[BlackElo "2623"]
[Annotator "TA"]
[PlyCount "109"]
[EventDate "2022.05.21"]
[EventType "swiss"]
[EventCountry "UAE"]
[SourceTitle "playchess.com"]
[Source "ChessBase"]
[SourceQuality "1"]

1. e4 e5 2. Nf3 Nc6 3. Bb5 a6 4. Ba4 Nf6 5. O-O Be7 6. Re1 b5 7. Bb3 O-O 8. c3 d5 9. exd5 Nxd5 10. Nxe5 Nxe5 11. Rxe5 c6 12. d3 Bd6 13. Re1 Qh4 14. g3 Qh3 15. Re4 Nf6 16. Rh4 Qf5 17. Nd2 Ng4 18. Ne4 Be7 19. f3 Ne5 20. Rf4 Qd7 21. d4 Ng6 22. Rg4 Kh8 23. Ng5 Qe8 24. Re4 h6 25. h4 Bf5 26. h5 Bxe4 27. Nxe4 f5 28. Nf2 Bd6 29. f4 Ne7 30. Nd3 Nd5 31. Ne5 Bxe5 32. fxe5 Rd8 33. Qf3 Nc7 34. Be3 c5 35. Rd1 c4 36. Bc2 Nd5 37. Bc1 Ne7 38. Kg2 Qc6 39. Qxc6 Nxc6 40. Bf4 Ne7 41. e6 Rf6 42. Re1 Kg8 43. Kf3 Kf8 44. Bc7 Rc8 45. Bd6 Ke8 46. Re5 Nc6 47. Rxf5 Rxe6 48. Rf8+ Kd7 49. Bf5 Kxd6 50. Rxc8 Re1 51. Be4 Ne7 52. Ra8 Rf1+ 53. Ke2 Rg1 54. Rxa6+ Kc7 55. d5 1-0

[Event "5th Sharjah Masters 2022"]
[Site "Sharjah"]
[Date "2022.05.29"]
[Round "9.32"]
[White "Gunina, Valentina"]
[Black "Dimakiling, Oliver"]
[Result "1-0"]
[WhiteElo "2471"]
[BlackElo "2420"]
[Annotator "TA"]
[PlyCount "91"]
[EventDate "2022.05.21"]
[EventType "swiss"]
[EventCountry "UAE"]
[SourceTitle "playchess.com"]
[Source "ChessBase"]
[SourceQuality "1"]

1. d4 Nf6 2. c4 e6 3. Nf3 d5 4. Nc3 dxc4 5. e4 b5 6. e5 Nd5 7. Nxb5 Nb6 8. Be2 Be7 9. Be3 Bb7 10. a3 Nc6 11. Qc2 Qd7 12. Nc3 f5 13. exf6 gxf6 14. Rd1 O-O-O 15. Ne4 Rdg8 16. g3 Na5 17. Nc5 Bxc5 18. dxc5 Qa4 19. Qc1 Nd5 20. O-O h5 21. Nd4 h4 22. b4 hxg3 23. fxg3 Nb3 24. Qxc4 Nxe3 25. Qxe6+ Kb8 26. Qxe3 Re8 27. Qf2 Nxd4 28. Rxd4 Rxe2 29. Qxe2 Qc6 30. h4 Qh1+ 31. Kf2 Qh2+ 32. Ke1 Qxg3+ 33. Kd2 Qxa3 34. Rff4 Bc6 35. Qd3 Qa2+ 36. Qc2 Qa1 37. Qc1 Qa2+ 38. Kc3 Rg8 39. Rg4 Re8 40. Rg3 Ba4 41. Qb2 Qe6 42. Rgd3 Qe1+ 43. Qd2 Qa1+ 44. Kc4 Kb7 45. b5 Re1 46. Qg2+ 1-0

[Event "5th Sharjah Masters 2022"]
[Site "Sharjah"]
[Date "2022.05.29"]
[Round "9.33"]
[White "Baenziger, Fabian"]
[Black "Nikolov, Momchil"]
[Result "1/2-1/2"]
[WhiteElo "2430"]
[BlackElo "2454"]
[Annotator "TA"]
[PlyCount "47"]
[EventDate "2022.05.21"]
[EventType "swiss"]
[EventCountry "UAE"]
[SourceTitle "playchess.com"]
[Source "ChessBase"]
[SourceQuality "1"]

1. d4 Nf6 2. c4 e6 3. Nf3 d5 4. Nc3 c5 5. cxd5 Nxd5 6. e4 Nxc3 7. bxc3 cxd4 8. cxd4 Bb4+ 9. Bd2 Bxd2+ 10. Qxd2 O-O 11. Rc1 b6 12. Bd3 Bb7 13. O-O Nc6 14. Bb1 Ne7 15. Qf4 Rc8 16. h3 Ng6 17. Qe3 Qe7 18. Rxc8 Rxc8 19. Rc1 Qd7 20. Rc3 Rc6 21. h4 h6 22. g3 Qc7 23. Rxc6 Qxc6 24. Qa3 1/2-1/2

[Event "5th Sharjah Masters 2022"]
[Site "Sharjah"]
[Date "2022.05.29"]
[Round "9.34"]
[White "Badelka, Olga"]
[Black "Zawadzka, Jolanta"]
[Result "0-1"]
[WhiteElo "2453"]
[BlackElo "2409"]
[Annotator "TA"]
[PlyCount "93"]
[EventDate "2022.05.21"]
[EventType "swiss"]
[EventCountry "UAE"]
[SourceTitle "playchess.com"]
[Source "ChessBase"]
[SourceQuality "1"]

1. d4 d5 2. c4 e6 3. Nc3 Nf6 4. cxd5 exd5 5. Bg5 c6 6. e3 Be6 7. Bd3 Nbd7 8. Nge2 h6 9. Bh4 g5 10. Bg3 Nh5 11. Qc2 Nxg3 12. Nxg3 h5 13. O-O-O h4 14. Nf5 Qf6 15. g4 O-O-O 16. h3 Kb8 17. Kb1 Nb6 18. Na4 Nxa4 19. Qxa4 c5 20. Bc2 Bd7 21. Qa5 b6 22. Qa6 c4 23. e4 Qc6 24. exd5 Qxd5 25. Ne3 Bb5 26. Nxd5 Bxa6 27. Ne3 Bb7 28. d5 Bc5 29. Rhe1 Rhe8 30. Nxc4 Rxe1 31. Rxe1 Bxf2 32. Rf1 Bg3 33. Be4 Bxd5 34. Bxd5 Rxd5 35. Kc2 Bf4 36. Rf3 f5 37. gxf5 Rxf5 38. Ne3 Re5 39. Kd3 Kb7 40. Ng2 Bg3 41. Ne3 Kc6 42. Rf6+ Kc5 43. b3 Bf4 44. Nc4 Re1 45. a3 Rh1 46. Rf5+ Kc6 47. Kd4 0-1

[Event "5th Sharjah Masters 2022"]
[Site "Sharjah"]
[Date "2022.05.29"]
[Round "9.35"]
[White "Begmuratov, Khumoyun"]
[Black "Vogt, Lothar"]
[Result "1-0"]
[WhiteElo "2384"]
[BlackElo "2365"]
[Annotator "TA"]
[PlyCount "59"]
[EventDate "2022.05.21"]
[EventType "swiss"]
[EventCountry "UAE"]
[SourceTitle "playchess.com"]
[Source "ChessBase"]
[SourceQuality "1"]

1. e4 c5 2. c3 d5 3. exd5 Qxd5 4. d4 e6 5. Nf3 Nf6 6. Be3 cxd4 7. cxd4 Nc6 8. Nc3 Qd6 9. g3 Be7 10. Bg2 O-O 11. O-O Rd8 12. a3 Nd5 13. Nxd5 exd5 14. Bf4 Qg6 15. Bc7 Rd7 16. Ne5 Nxe5 17. Bxe5 b6 18. Re1 Bf8 19. Qa4 a6 20. Rac1 b5 21. Qa5 Bb7 22. Rc7 Qf5 23. Qb6 Bc8 24. Qc6 Rxc7 25. Bxc7 Ra7 26. Bd6 Bd7 27. Re8 Qb1+ 28. Bf1 h6 29. Rxf8+ Kh7 30. Qc3 1-0

[Event "5th Sharjah Masters 2022"]
[Site "Sharjah"]
[Date "2022.05.29"]
[Round "9.36"]
[White "Hesham, Abdelrahman"]
[Black "Buksa, Nataliya"]
[Result "1-0"]
[WhiteElo "2412"]
[BlackElo "2406"]
[Annotator "TA"]
[PlyCount "119"]
[EventDate "2022.05.21"]
[EventType "swiss"]
[EventCountry "UAE"]
[SourceTitle "playchess.com"]
[Source "ChessBase"]
[SourceQuality "1"]

1. e4 e5 2. Nf3 Nc6 3. Bc4 Bc5 4. c3 Nf6 5. d4 exd4 6. e5 d5 7. Bb5 Ne4 8. cxd4 Bb6 9. Nc3 O-O 10. Be3 Bg4 11. h3 Bh5 12. Rc1 Ne7 13. Bd3 Nxc3 14. bxc3 Bg6 15. h4 Bxd3 16. Qxd3 Qd7 17. h5 h6 18. g4 Qxg4 19. Bxh6 Qe4+ 20. Qxe4 dxe4 21. Rg1 exf3 22. Bxg7 Rfe8 23. Bf6+ Kh7 24. Rg7+ Kh6 25. Rxf7 Nd5 26. Bg7+ Kh7 27. h6 c5 28. c4 Ba5+ 29. Kd1 Nc3+ 30. Kc2 Ne2 31. Rh1 Nxd4+ 32. Kd3 Ne6 33. Bf6+ Kg6 34. Rd7 Bd8 35. Rg1+ Kf5 36. Bg7 Bg5 37. Rf7+ Kg6 38. Rf6+ Kh7 39. Rxe6 Rxe6 40. Rxg5 Rd8+ 41. Ke4 Rd2 42. Kxf3 Ra6 43. Bf8 Raxa2 44. Bxc5 Kxh6 45. e6 Rd8 46. e7 Rc8 47. Rf5 Ra6 48. Rf8 Rac6 49. Rd8 Rf6+ 50. Ke2 Re6+ 51. Be3+ Kg6 52. Rxc8 Rxe7 53. Kd3 Kf5 54. Rc5+ Ke6 55. f4 Rd7+ 56. Ke4 b6 57. Rh5 Rf7 58. Rh6+ Kd7 59. Bd4 Re7+ 60. Be5 1-0

[Event "5th Sharjah Masters 2022"]
[Site "Sharjah"]
[Date "2022.05.29"]
[Round "9.37"]
[White "Al Hosani, Omran"]
[Black "Kamalidenova, Meruert"]
[Result "1-0"]
[WhiteElo "2191"]
[BlackElo "2408"]
[Annotator "TA"]
[PlyCount "95"]
[EventDate "2022.05.21"]
[EventType "swiss"]
[EventCountry "UAE"]
[SourceTitle "playchess.com"]
[Source "ChessBase"]
[SourceQuality "1"]

1. d4 Nf6 2. c4 e6 3. Nc3 Bb4 4. e3 O-O 5. Bd2 d5 6. Nf3 b6 7. Bd3 Bb7 8. O-O Nbd7 9. Qe2 Qe7 10. a3 Bxc3 11. Bxc3 Ne4 12. Rac1 f5 13. cxd5 exd5 14. Ba6 Bxa6 15. Qxa6 c6 16. Bb4 c5 17. dxc5 bxc5 18. Bc3 Nb6 19. Nd2 Rfe8 20. Nxe4 fxe4 21. b4 cxb4 22. Bxb4 Qf7 23. Rc2 h6 24. Bc5 Nc4 25. Rb1 Rab8 26. Rb4 Ne5 27. Bxa7 Rxb4 28. axb4 Qh5 29. Qe2 Nf3+ 30. gxf3 exf3 31. Qd3 Qh3 32. Qf1 Qf5 33. Rc1 Ra8 34. Bd4 Qg5+ 35. Kh1 Ra6 36. b5 Rg6 37. b6 Qe7 38. Qh3 Qa3 39. Rg1 Rxg1+ 40. Kxg1 Qc1+ 41. Qf1 Qc6 42. h3 h5 43. Kh1 Qc8 44. Be5 Qc6 45. Qg1 g6 46. b7 Qxb7 47. Qxg6+ Kf8 48. Bd6+ 1-0

[Event "5th Sharjah Masters 2022"]
[Site "Sharjah"]
[Date "2022.05.29"]
[Round "9.38"]
[White "Injac, Teodora"]
[Black "Msellek, Ilyass"]
[Result "1/2-1/2"]
[WhiteElo "2384"]
[BlackElo "2411"]
[Annotator "TA"]
[PlyCount "52"]
[EventDate "2022.05.21"]
[EventType "swiss"]
[EventCountry "UAE"]
[SourceTitle "playchess.com"]
[Source "ChessBase"]
[SourceQuality "1"]

1. Nf3 d5 2. g3 Nf6 3. Bg2 e6 4. O-O Be7 5. c4 O-O 6. d4 a5 7. Qc2 a4 8. Ne5 c6 9. Nc3 a3 10. Rd1 axb2 11. Bxb2 Nfd7 12. Nxd7 Nxd7 13. cxd5 exd5 14. a4 Nf6 15. Ba3 Re8 16. Bxe7 Qxe7 17. Rdb1 h5 18. h3 g6 19. Rb6 Ra7 20. Qb2 Qc7 21. h4 Bf5 22. Ra3 Nd7 23. Rb4 Nf6 24. Rb6 Nd7 25. Rb4 Nf6 26. Rb6 Nd7 1/2-1/2

[Event "5th Sharjah Masters 2022"]
[Site "Sharjah"]
[Date "2022.05.29"]
[Round "9.39"]
[White "Saeed, Ishaq"]
[Black "Aziz, Husain"]
[Result "0-1"]
[WhiteElo "2397"]
[BlackElo "2379"]
[Annotator "TA"]
[PlyCount "62"]
[EventDate "2022.05.21"]
[EventType "swiss"]
[EventCountry "UAE"]
[SourceTitle "playchess.com"]
[Source "ChessBase"]
[SourceQuality "1"]

1. d4 d5 2. c4 e6 3. Nf3 Nf6 4. g3 Be7 5. Bg2 O-O 6. O-O dxc4 7. a4 Bd7 8. Ne5 Bc6 9. Nxc6 Nxc6 10. a5 Nxd4 11. a6 b5 12. Bxa8 Nb3 13. Qxd8 Rxd8 14. Bc6 Nxa1 15. Be3 Nb3 16. Bxa7 Na5 17. Bb7 b4 18. Rc1 Kf8 19. e4 Nd7 20. Nd2 Nc5 21. Bxc5 Bxc5 22. Nxc4 Nb3 23. Rf1 Nd2 24. Rc1 Nb3 25. Rf1 f6 26. Kg2 Rd4 27. Ne3 Rd2 28. Rd1 Rxb2 29. Rd3 Nc1 30. Rd8+ Ke7 31. Nd1 Rxf2+ 0-1